000 00711nam a22002295a 4500
005 20151215144153.0
008 150831s2014 ii a fr 001 0 eng d
020 _a9789350145548
040 _aEG-ScBUE
_beng
_cEG-ScBUE
_dEG-ScBUE
082 0 4 _a004.21
_bARO
_222
100 1 _aArora, Anurag.
_938928
245 1 0 _aEmbedded systems /
_cAnurag Arora.
250 _a1st ed.
260 _aNew Delhi :
_bS. K. Kataria & Sons,
_c2014.
300 _a398 p. :
_bill. ;
_c24 cm.
500 _aIndex : p. 395-398.
650 0 _aEmbedded computer systems
_xDesign and construction
_2BUEsh
650 0 _aEmbedded computer systems.
_2BUEsh
651 _2BUEsh
653 _bCOMSCI
_cAugust2015
_cDecember2015
942 _2ddc
999 _c20787
_d20759